Wahdat Afkaar; alaqai zubanoo ke qadeem wa jadeed sheri adab ka intikhab (Record no. 327509)
[ view plain ]
| 000 -LEADER | |
|---|---|
| fixed length control field | 00465 a2200133 4500 |
| 001 - CONTROL NUMBER | |
| control field | 92436 |
| 082 ## - DEWEY DECIMAL CLASSIFICATION NUMBER | |
| Classification number | 891.4393 MAS |
| 090 ## - LOCALLY ASSIGNED LC-TYPE CALL NUMBER (OCLC); LOCAL CALL NUMBER (RLIN) | |
| -- | 44409 |
| -- | 44410 |
| 100 ## - MAIN ENTRY--PERSONAL NAME | |
| Personal name | Directorate of films & Publication, Gove of Pakistan |
| 245 ## - TITLE STATEMENT | |
| Title | Wahdat Afkaar; alaqai zubanoo ke qadeem wa jadeed sheri adab ka intikhab |
| 260 ## - PUBLICATION, DISTRIBUTION, ETC. | |
| Place of publication, distribution, etc. | Islamabad |
| Name of publisher, distributor, etc. | Directorate of films & Publication, Gove of Pakistan |
| Date of publication, distribution, etc. | [n. d] |
| 300 ## - PHYSICAL DESCRIPTION | |
| Extent | 691 p. |
| 810 ## - SERIES ADDED ENTRY--CORPORATE NAME | |
| Corporate name or jurisdiction name as entry element | local languages-history and literature |
| 942 ## - ADDED ENTRY ELEMENTS (KOHA) | |
| Institution code [OBSOLETE] | CAE NUST |
| Call number prefix | 891.4393 MAS |
| Withdrawn status | Lost status | Damaged status | Not for loan | Collection code | Permanent Location | Current Location | Date acquired | Total Checkouts | Full call number | Barcode | Date last seen | Price effective from | Koha item type |
|---|---|---|---|---|---|---|---|---|---|---|---|---|---|
| College of Aeronautical Engineering (CAE) | College of Aeronautical Engineering (CAE) | 04/03/2017 | 891.4393 MAS | CAEG-9990 | 04/05/2017 | 04/05/2017 | Book |
